Chinese Provincial Capitals - Sudden Death - Statistics

General Stats
  • This quiz has been taken 104 times
  • The average score is 12 of 33
Answers on the Grid
Answers color-coded by a green-red scale on the quiz's grid according to % correct below.
Anqing
Baoding
Beijing
Changchun
Changsha
Chengdu
Chongqing
Dali
Dalian
Datong
Dongguan
Foshan
Fuzhou
Guangzhou
Guilin
Guiyang
Haikou
Handan
Hangzhou
Harbin
Hefei
Hohhot
Hong Kong
Jilin
Jinan
Kunming
Lanzhou
Lhasa
Liuzhou
Luoyang
Macau
Nanchang
Nanchong
Nanjing
Nanning
Nanyang
Ningbo
Qingdao
Qiqihar
Shanghai
Shaoxing
Shenyang
Shenzhen
Shijiazhuang
Suzhou
Taiyuan
Tianjin
Ürümqi
Xiamen
Xi'an
Xianyang
Xining
Xuzhou
Wuhan
Wuxi
Yichang
Yinchuan
Yiwu
Zhangjiajie
Zhengzhou
 
Answer Stats
Answer % Correct
Beijing
87%
Chongqing
72%
Chengdu
68%
Guangzhou
51%
Changchun
43%
Shanghai
43%
Changsha
42%
Harbin
42%
Guiyang
40%
Lhasa
40%
Wuhan
40%
Hong Kong
38%
Ürümqi
38%
Fuzhou
36%
Xi'an
36%
Haikou
34%
Kunming
34%
Nanjing
34%
Zhengzhou
34%
Hangzhou
32%
Tianjin
32%
Hefei
28%
Hohhot
28%
Jinan
28%
Macau
26%
Lanzhou
25%
Shenyang
25%
Shijiazhuang
25%
Xining
25%
Taiyuan
23%
Nanchang
21%
Nanning
21%
Yinchuan
21%
No matching quizzes found
Score Distribution
Percent of People with Each Score
Percentile by Number Answered
Your Score History
You have not taken this quiz